书目信息 |
| 题名: |
物理学名词:基础物理学部分:1988:全国自然科学名词审定委员会公?AWu Li Xue Ming Ci:Ji Chu Wu Li Xue Bu Fen:1988:Quan Guo Zi Ran Ke Xue Ming Ci Shen Ding Wei Yuan Hui Gong
|
|
| 作者: | 物理学名词审定委员公审定 | |
| 分册: | ||
| 出版信息: | 北京 科学出版社 1989.3 |
|
| 页数: | 145页 | |
| 开本: | 26cm | |
| 丛书名: | ||
| 单 册: | ||
| 中图分类: | O4-61 | |
| 科图分类: | ||
| 主题词: | 物理学 | |
| 电子资源: | ||
| ISBN: | ||
| 000 | 00699nam0 2200193 45 | |
| 001 | 0312221749 | |
| 005 | 20031222171112.3 | |
| 010 | @dCNY9.10 | |
| 100 | @a20031222d1989 km y0chiy0120 ea | |
| 101 | @achi | |
| 105 | @a z 000yy | |
| 200 | 1 | @a物理学名词:基础物理学部分:1988:全国自然科学名词审定委员会公?AWu Li Xue Ming Ci:Ji Chu Wu Li Xue Bu Fen:1988:Quan Guo Zi Ran Ke Xue Ming Ci Shen Ding Wei Yuan Hui Gong@f物理学名词审定委员公审定@FWu Li Xue Ming Ci Shen Ding Wei Yuan Gong Shen Ding |
| 210 | @a北京@c科学出版社@d1989.3 | |
| 215 | @a145页@d26cm | |
| 606 | 0 | @a物理学 |
| 690 | @aO4-61@v3 | |
| 701 | 0 | @a物理学名词审定委员公审定 |
| 801 | @aCN@bTSTCL@c20031222 | |
| 905 | @a213230@dO4-61@e216:1 | |
| 物理学名词:基础物理学部分:1988:全国自然科学名词审定委员会公?AWu Li Xue Ming Ci:Ji Chu Wu Li Xue Bu Fen:1988:Quan Guo Zi Ran Ke Xue Ming Ci Shen Ding Wei Yuan Hui Gong/物理学名词审定委员公审定.-北京:科学出版社,1989.3 |
| 145页;26cm |
| ISBN :CNY9.10 |
| ● |
| 相关链接 |
|
|
|
|
正题名:物理学名词:基础物理学部分:1988:全国自然科学名词审定委员会公
索取号:O4-61/216:1
 
预约/预借
| 序号 | 登录号 | 条形码 | 馆藏地/架位号 | 状态 | 备注 |
| 1 | 0226238 | 202095124 | 第二样本阅览室/ [索取号:O4-61/216:1] | 在馆 |